May 13th: Birthdays - Statistics

General Stats
  • This quiz has been taken 7 times
  • The average score is 4 of 11
Answer Stats
Year Clue Answer % Correct
1986 Actor in Twilight Robert Pattinson
100%
1950 Artist of You are the Sunshine of My Life Stevie Wonder
83%
1961 NBA Forward for the Chicago Bulls Dennis Rodman
50%
1931 Founder of the Peoples Temple Cult Jim Jones
50%
1914 World Heavyweight Champion Joe Louis
33%
1986 Actress in Girls Lena Dunham
17%
1968 Prime Minister of Australia Scott Morrison
17%
1964 Host of The Late Show Stephen Colbert
17%
1730 British Prime Minister Charles Watson-Wentworth
0%
1937 Author of Contes Roch Carrier
0%
1901 Volunteered to go to Auschwitz Witold Pilecki
0%
No matching quizzes found
Score Distribution
Percent of People with Each Score
Percentile by Number Answered
Your Score History
You have not taken this quiz